Сборник задач по дифференциальным уравнениям: учебное пособие

التفاصيل البيبلوغرافية
المؤلف الرئيسي: Филиппов А. Ф. Алексей Федорович
اللغة:الروسية
منشور في: Москва, Наука, 1985
الطبعة:6-е изд., стер.
الموضوعات:
التنسيق: كتاب
KOHA link:https://koha.lib.tpu.ru/cgi-bin/koha/opac-detail.pl?biblionumber=34915

MARC

LEADER 00000nam0a2200000 4500
001 34915
005 20231030231820.0
035 |a (RuTPU)RU\TPU\book\35329 
035 |a BOOK00001981 
090 |a 34915 
100 |a 20011210d1985 m y0rusy50 ca 
101 0 |a rus 
102 |a RU 
105 |a y j 000zy 
200 1 |a Сборник задач по дифференциальным уравнениям  |e учебное пособие  |f А. Ф. Филиппов 
205 |a 6-е изд., стер. 
210 |a Москва  |c Наука  |d 1985 
215 |a 127 с. 
451 1 |0 (RuTPU)RU\TPU\book\8486  |y 5896020104  |t Сборник задач по дифференциальным уравнениям  |f А. Ф. Филиппов  |e 8-е изд.,доп.  |c М.  |n Интеграл-Пресс  |d 1998  |p 208 с.  |a Филиппов, Алексей Федорович 
451 1 |0 (RuTPU)RU\TPU\book\35328  |t Сборник задач по дифференциальным уравнениям  |o учебное пособие  |f А. Ф. Филиппов  |e 5-е изд., испр.  |c М.  |n Наука  |d 1979  |p 128 с.  |a Филиппов, Алексей Федорович 
610 1 |a дифференциальные уравнения 
610 1 |a задачи 
610 1 |a решения 
610 1 |a уравнения линейные 
610 1 |a нелинейные системы 
610 1 |a таблицы 
610 1 |a функции 
675 |a 517.91(076)  |v 3 
700 1 |a Филиппов  |b А. Ф.  |g Алексей Федорович 
801 0 |a RU  |b 63413507  |c 20011210  |g PSBO 
801 2 |a RU  |b 63413507  |c 20220629  |g PSBO 
900 |a Дифференциальные уравнения 
900 |a Математический анализ 
942 |c BK